=LDR 00000nam 2200000 4500 =001 INLIS000000000037216 =005 20230526092440 =035 ##$$a 0010-061300000037216 =008 230526################g##########0#ind## =041 ##$$a Ind =082 ##$$a 813 =090 ##$$a 813, Mcc f =100 ##$$a Mccafferty, Mejan =245 1#$$a Fourth comings : $b Kejadian keempat /$c Megan Mccafferty ; alih bahasa, Nurkinanti Hardiman =260 ##$$a Jakarta :$b Gramedia Pustaka Utama,$c 2011 =300 ##$$a 423 hlm, ; $c 21 cm =650 #4$$a Fiksi Indonesia =850 ##$$a NBPNMAT =020 ##$$a 978-979-22-7739-5 =084 ##$$a 813 MCC f =990 ##$$a 94670/BPAP-NTB/2014 =990 ##$$a 21400613/BPAP-NTB/20142014 =990 ##$$a 21400613/BPAP-NTB/20142014 =990 ##$$a 0001/BPAP-NTB/20142014 =990 ##$$a 11181118